| 000 | 00715nam a2200241Ia 4500 | ||
|---|---|---|---|
| 005 | 20221027150026.0 | ||
| 008 | 131103s9999 xx 000 0 und d | ||
| 020 |
_a0-333-57001-4 _cRs. 50 |
||
| 040 | _aLoreto College | ||
| 041 | _aEnglish | ||
| 082 |
_a158.7 _bCHE |
||
| 100 | _aChell, Elizabeth | ||
| 245 | 4 |
_aThe psychology of behaviour in organizations _cElizabeth Chell |
|
| 250 | _a2nd ed. | ||
| 260 |
_aLondon _bMacmilllan Press _c1993 |
||
| 300 | _axv,263p, tables 21c.m. | ||
| 504 | _aIncludes bibliographical references and name and subject index | ||
| 650 | _aOrganizational Behaviour | ||
| 651 | _aSocial Interaction | ||
| 700 | _aChell, Elizabeth, auth. | ||
| 850 | _aLCLIB | ||
| 942 | _cBK | ||
| 999 |
_c2143 _d52622 |
||